Japanese 30 Large City - Statistics

General Stats
  • This quiz has been taken 159 times
  • The average score is 15 of 30
Answer Stats
Population Answer % Correct
2,713,157 Osaka
98%
1,472,027 Kyoto
95%
1,963,309 Sapporo
92%
2,314,125 Nagoya
91%
1,198,555 Hiroshima
90%
3,733,234 Yokohama
90%
1,532,153 Kobe
88%
1,567,189 Fukuoka
78%
1,086,377 Sendai
72%
975,140 Chiba
62%
1,286,082 Saitama
62%
1,503,690 Kawasaki
57%
721,294 Okayama
52%
950,646 Kitakyushu
50%
739,858 Kumamoto
50%
804,152 Niigata
50%
699,087 Shizuoka
44%
796,114 Hamamatsu
43%
597,932 Kagoshima
42%
834,267 Sakai
35%
512,604 Matsuyama
30%
532,994 Himeji
28%
722,157 Sagamihara
27%
520,197 Utsunomiya
20%
631,973 Funabashi
16%
578,270 Hachioji
16%
498,099 Higashiosaka
14%
584,825 Kawaguchi
14%
489,696 Ichikawa
13%
488,398 Nishinomiya
13%
No matching quizzes found
Score Distribution
Percent of People with Each Score
Percentile by Number Answered
Your Score History
You have not taken this quiz